| 000 | 00678nam a2200217Ia 4500 | ||
|---|---|---|---|
| 008 | 150520s9999 xx 000 0 und d | ||
| 050 | _aM 1000 | ||
| 050 | _b.R386 2015 | ||
| 100 | _aRayos, Danica Jelina. | ||
| 245 | _aSpotlight: | ||
| 245 | _bpinoy orchestra a video documentary on the Philippine orchestras in Metro Manila / | ||
| 245 | _cDanica Jelina Rayos, Wilhelmina Zara, Ma. Victoria Casas. | ||
| 260 | _aLas PiƱas, Philippines : | ||
| 260 | _bSISC, | ||
| 260 | _c2015. | ||
| 300 | _a143 pages : | ||
| 300 | _bcolor illustrations ; | ||
| 300 | _c28 cm. | ||
| 500 | _aIncludes bibliographical references and appendices. | ||
| 650 | _aOrchestral Music | ||
| 999 |
_c284038 _d284038 |
||